8 mots dans mots : pop (mort subite) - Statistiques

Statistiques générales
  • Ce quiz a été pris 20 fois
  • Le résultat moyen est 5 sur 8
Answers on the Grid
Answers color-coded by a green-red scale on the quiz's grid according to % correct below.
im---ulaire
parallélé---ède
é---hanie
anthro---hile
casse - ---e
saperli---ette
em---illoter
sur---ulation
monnaie - du - ---e
anthro---hagie
gratte - ---ier
vox ---uli
grand - ---a
hip---otamesque
sou---e
anthro---ithèque
 
Statistiques - réponses
Réponse % Correct
im---ulaire
88%
anthro---hile
71%
saperli---ette
71%
sur---ulation
71%
hip---otamesque
65%
anthro---hagie
59%
anthro---ithèque
59%
vox ---uli
41%
Aucun quiz correspondant
Distribution des résultats
% des personnes avec chaque résultat
Percentile par nombre de réponses
Votre historique - résultats
Vous n’avez pas pris ce quiz